000 00810nam a2200217Ia 4500
005 20241129105949.0
008 241129s9999||||xx |||||||||||||| ||und||
020 _a978-81-934488-1-6
037 _aTB
040 _aARTS
_bhin
_cARTS
041 _ahin
_2hin
084 _aO152,1N193x Q9
_qARTS
100 _aसक्सेना, गोपाल किशोर, ले.
_9623893
245 0 _aवक्त के सामने गिरिजा कुमार माथुर
_cसक्सेना, गोपाल किशोर, ले.
260 _aदिल्ली, भारत
_bनेशनल बुक सेंटर
_c2022
300 _a207पृ0
365 _aINR
_b595
650 _aHindi Poetry
_97134
942 _cTB
_hO152,1N193x Q9
999 _c1226787
_d1226787